Soil and agricultural microbiology (Record no. 3819)

MARC details
000 -LEADER
fixed length control field 00406nam a22001457a 4500
008 - FIXED-LENGTH DATA ELEMENTS--GENERAL INFORMATION
fixed length control field 250605b |||||||| |||| 00| 0 eng d
020 ## - INTERNATIONAL STANDARD BOOK NUMBER
ISBN 9781788826143
100 ## - MAIN ENTRY--AUTHOR
Author Jamess Andrew
245 ## - TITLE STATEMENT
Title Soil and agricultural microbiology
260 ## - PUBLICATION, DISTRIBUTION, ETC. (IMPRINT)
Place of publication United Kingdom
Name of publisher Ed-tech press
Date of publication 2021
300 ## - COLLATION
Pagination 357p
650 ## - TRACINGS
Main Subject Agricultural microbiology
Subdivision (1st) soil microbiology
942 ## - ADDED ENTRY ELEMENTS (KOHA)
Item type Books
050 ## - LIBRARY OF CONGRESS CALL NUMBER
Classification number QR 51
Item number .J 30
Holdings
Source of classification or shelving scheme Not for loan Permanent location Current location Date acquired Accession No. Full call number Barcode. Koha item type
Library of Congress Classification   Samuel Ogbemudia Main Library, University of Abuja Samuel Ogbemudia Main Library, University of Abuja 06/05/2025 2023/61917 QR 51 .J 30 2025-2441 Books